000 00565nam a2200193Ia 4500
005 20260114185654.0
008 008 260114s9999 xx 000 0 eng d
020 _a9781474227223
037 _aEBOOK
040 _aCRL
_beng
_cCRL
041 _aeng
_2eng
084 _qCRL
100 _aHayden Lorimer
_9872950
245 0 _aGeographers Biobibliographical Studies, Volume 31
260 _bBloomsbury
_c2012
856 _uhttps://doi.org/10.5040/9781474227223?locatt=label:secondary_bloomsburyCollections
942 _cEBOOK
999 _c1471898
_d1471898